000 01186nam a22003377a 4500
003 CHAP
005 20220329141710.0
008 971013s1967 r 00010 d
010 _a72418
011 _a73390
035 _a82947
040 _cCHAP
090 _aTesis
100 0 0 _aBanderas Valencia, Xavier.
_99946
245 _aAprovechamientos óptimo de los recursos hidráulicos para el riego de la zona noreste del Valle de Celaya estado de Guanajuato
260 _aChapingo, Méx. :
_bEl autor,
_c1967
300 _a138 h.
_b: ilus.
502 _aTesis (Ing. Agr. Esp. en Irrigación) -- ENA. Departamento de Irrigación
590 _aALEPH
_b10
_c20130110
_lUCH01
_h1413
590 _aBATCH-UPD
_b10
_c20130110
_lUCH01
_h0056
590 _aBATCH-UPD
_b10
_c20130110
_lUCH01
_h1956
590 _aBATCH-UPD
_b10
_c20130409
_lUCH01
_h2045
590 _aBATCH-UPD
_b10
_c20130914
_lUCH01
_h1955
590 _aCONVERSION
_b10
_c20130109
_lUCH01
_h1340
650 1 4 _aAgua
_xAprovechamiento.
_92282
650 1 4 _aRecursos hidráulicos
_xGuanajuato.
_995107
901 _aBK
942 _cFOLL
949 _bBC
_cTES
_d-37236
_eTS1
_i82947
_si
949 _bBC
_cTES
_d-37238
_eTS2
_fc.2
_i82947
_si
999 _c72418
_d72418